|
|
|
|
| LEADER |
00000nam a2200000 a 4500 |
| 001 |
vtls001417420 |
| 003 |
SK-MaSNL |
| 005 |
20260301012658.0 |
| 008 |
251113s2000 FR a r 0 fre |
| 020 |
|
|
|a 2702829988
|c [650,00]
|
| 035 |
|
|
|a SNK000372201
|
| 040 |
|
|
|a SNK
|b slo
|c SNK
|e AACR2
|
| 044 |
|
|
|a FR
|
| 080 |
|
|
|a 7.033.4(44)(084.12)
|2 1981
|
| 080 |
|
|
|a 779
|2 1981
|
| 100 |
1 |
|
|a Bastié, Aldo
|4 aut
|9 298097
|
| 245 |
1 |
|
|a Les chemins de la Provence romane
|c texte Aldo Bastié ; photographies Hervé Champollion
|
| 260 |
|
|
|a Paris
|b Le Grand livre du mois
|c 2000
|
| 300 |
|
|
|a 125 s.
|c 26 cm
|
| 490 |
1 |
|
|a Itinéraires de découvertes
|
| 650 |
0 |
7 |
|a románske umenie
|2 SNK
|9 51447
|
| 651 |
|
7 |
|a Francúzsko
|2 SNK
|9 15907
|
| 700 |
1 |
|
|a Champollion, Hervé
|4 fot
|9 298098
|
| 830 |
|
0 |
|a Itinéraires de découvertes
|9 298099
|
| 919 |
|
|
|a 2-7028-2998-8
|
| 999 |
|
|
|c 554131
|d 556061
|
| 952 |
|
|
|a SNK
|b SNK
|y VYP
|7 0
|p 17A0310384
|o snkIB 70321
|i snkV 1150/2001
|0 0
|1 0
|4 0
|d 2001-08-06
|l 0
|r 2005-01-02 00:00:00
|w 2026-02-23
|